Passport Ranking 2024 - Statistics

General Stats
  • This quiz has been taken 66 times
  • The average score is 76 of 199
Answer Stats
Visa-Free Destinations Continent Answer % Correct
194 Europe France
90%
194 Europe Germany
90%
194 Asia Japan
90%
194 Asia Singapore
90%
194 Europe Italy
84%
194 Europe Spain
74%
193 Asia South Korea
68%
193 Europe Finland
61%
189 Oceania Australia
55%
188 North America Canada
55%
189 Oceania New Zealand
55%
193 Europe Sweden
55%
192 Europe Austria
52%
177 South America Chile
52%
182 Europe/Asia Cyprus
52%
192 Europe Denmark
52%
192 Europe Ireland
52%
183 Asia United Arab Emirates
52%
188 North America United States
52%
28 Asia Afghanistan
48%
191 Europe Belgium
48%
189 Europe Czech Republic
48%
187 Europe Estonia
48%
190 Europe Greece
48%
188 Europe Hungary
48%
185 Europe Iceland
48%
186 Europe Latvia
48%
182 Europe Liechtenstein
48%
187 Europe Lithuania
48%
191 Europe Luxembourg
48%
190 Europe Malta
48%
191 Europe Norway
48%
189 Europe Poland
48%
191 Europe Portugal
48%
186 Europe Slovakia
48%
186 Europe Slovenia
48%
190 Europe Switzerland
48%
191 Europe United Kingdom
48%
174 South America Argentina
45%
173 South America Brazil
45%
179 Europe Bulgaria
45%
182 Asia Malaysia
45%
178 Europe Monaco
45%
192 Europe Netherlands
45%
179 Europe Romania
45%
132 Oceania Samoa
45%
134 Oceania Solomon Islands
45%
153 North America Antigua and Barbuda
42%
158 North America Bahamas
42%
152 North America Costa Rica
42%
179 Europe Croatia
42%
91 Oceania Fiji
42%
121 Europe/Asia Georgia
42%
31 Asia Iraq
42%
166 Asia Israel
42%
161 North America Mexico
42%
34 Asia Pakistan
42%
146 South America Paraguay
42%
142 South America Peru
42%
119 Europe/Asia Russia
42%
172 Europe San Marino
42%
138 Europe Serbia
42%
157 North America St. Kitts and Nevis
42%
148 North America St. Lucia
42%
157 North America St. Vincent and the Grenadines
42%
29 Asia Syria
42%
143 Asia Taiwan
42%
130 Oceania Tonga
42%
151 North America Trinidad and Tobago
42%
118 Europe/Asia Turkey
42%
156 South America Uruguay
42%
157 Europe Vatican City
42%
123 Europe Albania
39%
171 Europe Andorra
39%
165 North America Barbados
39%
81 Europe Belarus
39%
82 South America Bolivia
39%
121 Europe Bosnia and Herzegovina
39%
91 Africa Botswana
39%
168 Asia Brunei
39%
85 Asia China
39%
135 South America Colombia
39%
64 North America Cuba
39%
74 North America Dominican Republic
39%
95 South America Ecuador
39%
136 North America El Salvador
39%
148 North America Grenada
39%
137 North America Guatemala
39%
91 South America Guyana
39%
135 North America Honduras
39%
78 Asia Indonesia
39%
45 Asia Iran
39%
91 North America Jamaica
39%
124 Oceania Kiribati
39%
74 Europe Kosovo
39%
102 Asia Kuwait
39%
45 Asia Lebanon
39%
126 Oceania Marshall Islands
39%
150 Africa Mauritius
39%
123 Oceania Micronesia
39%
122 Europe Moldova
39%
126 Europe Montenegro
39%
90 Oceania Nauru
39%
127 Europe North Macedonia
39%
123 Oceania Palau
39%
149 North America Panama
39%
85 Oceania Papua New Guinea
39%
108 Asia Qatar
39%
156 Africa Seychelles
39%
81 South America Suriname
39%
128 Oceania Tuvalu
39%
148 Europe Ukraine
39%
94 Oceania Vanuatu
39%
126 South America Venezuela
39%
68 Asia Armenia
35%
91 Asia Bahrain
35%
104 North America Belize
35%
144 North America Dominica
35%
55 North America Haiti
35%
171 Asia Hong Kong
35%
78 Asia Kazakhstan
35%
48 Asia Myanmar
35%
42 Asia North Korea
35%
90 Asia Oman
35%
69 Asia Philippines
35%
89 Asia Saudi Arabia
35%
108 Africa South Africa
35%
82 Asia Thailand
35%
35 Asia Yemen
35%
72 Asia Azerbaijan
32%
76 Africa Kenya
32%
144 Asia Macau
32%
94 Asia Maldives
32%
40 Asia Nepal
32%
130 North America Nicaragua
32%
40 Asia Palestine
32%
46 Africa South Sudan
32%
45 Africa Sudan
32%
96 Asia Timor-Leste
32%
42 Asia Bangladesh
29%
46 Africa Democratic Republic of the Congo
29%
43 Africa Eritrea
29%
62 Asia India
29%
55 Asia Jordan
29%
51 Asia Laos
29%
40 Africa Libya
29%
71 Africa Morocco
29%
80 Africa Namibia
29%
36 Africa Somalia
29%
43 Asia Sri Lanka
29%
73 Africa Tanzania
29%
52 Asia Turkmenistan
29%
69 Africa Uganda
29%
51 Africa Burundi
26%
56 Asia Cambodia
26%
55 Africa Central African Republic
26%
55 Africa Chad
26%
58 Africa Equatorial Guinea
26%
78 Africa eSwatini
26%
70 Africa Gambia
26%
66 Africa Ghana
26%
59 Africa Guinea
26%
56 Africa Guinea-Bissau
26%
65 Asia Kyrgyzstan
26%
80 Africa Lesotho
26%
60 Africa Madagascar
26%
76 Africa Malawi
26%
63 Asia Mongolia
26%
45 Africa Nigeria
26%
66 Africa Rwanda
26%
61 Africa Sao Tome and Principe
26%
67 Africa Sierra Leone
26%
61 Asia Tajikistan
26%
71 Africa Tunisia
26%
55 Asia Vietnam
26%
71 Africa Zambia
26%
56 Africa Algeria
23%
53 Africa Angola
23%
55 Asia Bhutan
23%
55 Africa Comoros
23%
59 Africa Cote d'Ivoire
23%
50 Africa Djibouti
23%
55 Africa Egypt
23%
61 Africa Gabon
23%
51 Africa Liberia
23%
56 Africa Mali
23%
59 Africa Mauritania
23%
63 Africa Mozambique
23%
52 Africa Republic of the Congo
23%
58 Africa Senegal
23%
62 Asia Uzbekistan
23%
66 Africa Zimbabwe
23%
63 Africa Benin
19%
60 Africa Burkina Faso
19%
57 Africa Niger
19%
69 Africa Cabo Verde
16%
53 Africa Cameroon
16%
47 Africa Ethiopia
16%
59 Africa Togo
16%
No matching quizzes found
Score Distribution
Percent of People with Each Score
Percentile by Number Answered
Your Score History
You have not taken this quiz